[Event "Crema op 04th"]
[Site "Crema"]
[Date "2002.09.06"]
[Round "2"]
[White "Pinotti, Claudio"]
[Black "Galli, Massimiliano"]
[Result "1-0"]
[WhiteElo "2073"]
[BlackElo "1500"]
[PlyCount "115"]
[EventDate "2002.09.06"]
[EventType "swiss"]
[EventRounds "6"]
[EventCountry "ITA"]
[SourceTitle "EXT 2007"]
[Source "ChessBase"]
[SourceDate "2006.11.23"]
[SourceVersion "1"]
[SourceVersionDate "2006.11.23"]
[SourceQuality "1"]

1. e4 c5 2. c3 e5 3. Nf3 Nc6 4. Bb5 Nf6 5. Qe2 Qb6 6. 0-0 Nxe4 7. Bxc6 Qxc6 8. Nxe5 Qd5 9. Nf3 Be7 10. Re1 f5 11. d3 d6 12. dxe4 fxe4 13. Qxe4 Qxe4 14. Rxe4 Bf5 15. Re1 h6 16. Bf4 Rd8 17. Nbd2 Rd7 18. Ne4 0-0 19. Bg3 d5 20. Ned2 d4 21. Be5 d3 22. Re3 Bf6 23. Rae1 b5 24. Bxf6 Rxf6 25. Re8+ Kh7 26. h3 b4 27. cxb4 cxb4 28. R1e7 Rxe7 29. Rxe7 Ra6 30. Rb7 Rxa2 31. Rxb4 a5 32. Rb6 a4 33. Kh2 a3 34. bxa3 Rxa3 35. g4 Bg6 36. Kg3 Ra4 37. Rd6 Ra3 38. Kf4 Ra1 39. Ne5 Rd1 40. Ke3 Re1+ 41. Kd4 Re2 42. Nxg6 Rxd2 43. Ke3 Rd1 44. Nf4 Re1+ 45. Kf3 g5 46. Nxd3 Rd1 47. Rd7+ Kg8 48. Ne5 Rxd7 49. Nxd7 Kg7 50. Ke4 Kf7 51. f4 Ke7 52. fxg5 hxg5 53. Kf5 Kxd7 54. Kxg5 Ke7 55. Kg6 Kf8 56. Kh7 Kf7 57. g5 Kf8 58. g6 1-0